000 00261nam a2200097Ia 4500
001 1141884
005 20250827010127.0
008 250824s9999 xx 000 0 und d
245 0 _aBERK MUCİT OLDU
_cKAAN ELBİNGİL
260 _bGÜNIŞIĞI KİTAPLIĞI YAYINLARI
999 _c1141884
_d1141884